La política en las calles (Record no. 1605)
[ view plain ]
| 000 -LEADER | |
|---|---|
| fixed length control field | 00688 #a2200253 #4500 |
| 001 - CONTROL NUMBER | |
| control field | BNM000809 |
| 005 - DATE AND TIME OF LATEST TRANSACTION | |
| control field | 20151204140812.0 |
| 008 - FIXED-LENGTH DATA ELEMENTS--GENERAL INFORMATION | |
| fixed length control field | aespañol |
| 020 ## - INTERNATIONAL STANDARD BOOK NUMBER | |
| International Standard Book Number | 987-558-039-2 |
| 040 ## - CATALOGING SOURCE | |
| Original cataloging agency | AR-C50180D0 |
| 100 ## - MAIN ENTRY--PERSONAL NAME | |
| Personal name | Sabato, Hilda |
| 245 ## - TITLE STATEMENT | |
| Title | La política en las calles |
| Remainder of title | entre el voto y la movilización Buenos Aires, 1862-1880 |
| Statement of responsibility, etc | Hilda Sabato |
| 250 ## - EDITION STATEMENT | |
| Edition statement | 1a.ed. |
| 260 ## - PUBLICATION, DISTRIBUTION, ETC. (IMPRINT) | |
| Place of publication, distribution, etc | Bernal |
| Name of publisher, distributor, etc | Universidad Nacional de Quilmes |
| Date of publication, distribution, etc | 2004 |
| 300 ## - PHYSICAL DESCRIPTION | |
| Extent | 352 p. |
| 440 ## - SERIES STATEMENT/ADDED ENTRY--TITLE | |
| Title | Intersecciones |
| 650 ## - SUBJECT ADDED ENTRY--TOPICAL TERM | |
| Topical term or geographic name as entry element | ELECCIONES |
| 650 ## - SUBJECT ADDED ENTRY--TOPICAL TERM | |
| Topical term or geographic name as entry element | SISTEMA ELECTORAL |
| 651 ## - SUBJECT ADDED ENTRY--GEOGRAPHIC NAME | |
| Geographic name | BUENOS AIRES |
| 800 ## - SERIES ADDED ENTRY--PERSONAL NAME | |
| Personal name | Altamirano, Carlos |
| 942 ## - ADDED ENTRY ELEMENTS (KOHA) | |
| Source of classification or shelving scheme | Dewey Decimal Classification |
| Item type | Libro, folleto, traducción |
| Withdrawn status | Lost status | Source of classification or shelving scheme | Damaged status | Not for loan | Home library | Current library | Date acquired | Total Checkouts | Total Renewals | Full call number | Barcode | Date last seen | Date last borrowed | Price effective from | Koha item type |
|---|---|---|---|---|---|---|---|---|---|---|---|---|---|---|---|
| Dewey Decimal Classification | Biblioteca Central | Biblioteca Central | 09/04/2014 | 1 | 3 | 324.6 SAB | UNAJ14040417 | 03/11/2025 | 03/10/2025 | 09/04/2014 | Libro, folleto, traducción |